00404pab a2200133 454500008004000000100001700040245008000057260000900137300001200146362000800158650003400166650001800200773005200218180718b1999 xxu||||| |||| 00| 0 eng d aBan, Carolyn aThe contingent workforce in the US federal government: a different approach c1999 ap.41-53 aMar aCivil service - United States aCivil service aInternational Review of Administrative Sciences